| 000 | 00617nam a22002057a 4500 | ||
|---|---|---|---|
| 003 | PILC | ||
| 005 | 20260310094424.0 | ||
| 008 | 150508b xxu||||| |||| 00| 0 eng d | ||
| 010 | _a99010614 | ||
| 020 | _a0439221889 | ||
| 050 | 0 | 0 |
_aPZ7.C94137 _bB8 1999 |
| 100 | 1 | _aCurtis, Christopher Paul. | |
| 245 | 1 | 0 |
_aBud, not Buddy / _cChristopher Paul Curtis. |
| 260 |
_aNew York : _bScholastic, _c1999. |
||
| 300 |
_aviii, 245 p. ; _c20 cm. |
||
| 650 | 1 |
_aRunaways _vFiction. |
|
| 650 | 1 |
_aAfrican Americans _vFiction. |
|
| 650 | 1 |
_aDepressions _y1929 _vFiction. |
|
| 942 |
_2lcc _cBK _hPZ7.C94137 1999 |
||
| 999 |
_c283903 _d283903 |
||